000 00918nam a2200193 a 4500
008 120416s1973 ||||||||||||||||| || u
050 _aHD 31 Car
100 _aCarroll, Stephen J
245 1 4 _aThe management process: cases and readings
260 _aNew York:
_bMacmillan
_c1973
300 _axii, 435p. : ill.
350 _a0.00
650 0 _aMANAGEMENT
650 _aMANAGEMENT PROCESS--CASE STUDIES
700 _aMiner, John B
995 _aMAIN LIBRARY OPEN ACCESS
_D0.00
_e729144
_FCBU-MAIN LIBRARY (Kitwe)
_H1
_I0.00
_jHD 31 Car
_M1
_UAVAILABLE
_WMay 19, 2006
_y021259
_ZMain Library Open Access Collection
995 _aBINDERY (DAMAGED)
_D0.00
_e700936
_FCBU-MAIN LIBRARY (Kitwe)
_H1
_I8.75
_jHD 31 Car
_M1
_UDAMAGED
_y700936
_ZMain Library Open Access Collection
995 _aBINDERY (DAMAGED)
_D0.00
_e700105
_FCBU-MAIN LIBRARY (Kitwe)
_H1
_I0.00
_jHD 31 Car
_UDAMAGED
_WJun 4, 2009
_y700105
_ZMain Library Open Access Collection
999 _c82474
_d82474